Structure of ERP total cost of implementation

Prehľad štruktúry nákladov na implementáciu ERP systémov z pohľadu koncového užívateľa. Vplyv veľkosti podniku na štruktúru celkových nákladov implementácie ERP systémov. Existencia informačnej stratégie. Podiel IT oddelenia na jednotlivých položkách celkových nákladov na implementáciu systémov ERP...

Ausführliche Beschreibung

Gespeichert in:
Bibliographische Detailangaben
1. Verfasser: Sudzina, František
Format: Buchkapitel
Sprache:Englisch
Schlagworte:
Tags: Tag hinzufügen
Keine Tags, Fügen Sie das erste Tag hinzu!

MARC

LEADER 00000naa$a2200000$$$4500
001 0088647
005 20230908101856.8
041 0 |a eng 
044 |a SK 
245 1 0 |a Structure of ERP total cost of implementation  |c František Sudzina 
520 |a Prehľad štruktúry nákladov na implementáciu ERP systémov z pohľadu koncového užívateľa. Vplyv veľkosti podniku na štruktúru celkových nákladov implementácie ERP systémov. Existencia informačnej stratégie. Podiel IT oddelenia na jednotlivých položkách celkových nákladov na implementáciu systémov ERP. 
610 2 0 |a analýza ekonomická 
610 2 0 |a podnik 
610 2 0 |a technológie informačné 
610 2 0 |a systémy informačné podnikové 
610 2 0 |a náklady 
610 2 0 |a riadenie zmien 
100 1 |a Sudzina, František